Administrative Thinkers (Record no. 519236)

000 -LEADER
fixed length control field 00336nam a22001097a 4500
082 ## - DEWEY DECIMAL CLASSIFICATION NUMBER
Classification number PKP B3 P886\2017
100 ## - MAIN ENTRY--PERSONAL NAME
Personal name Prasad, D. Ravindra, et al
9 (RLIN) 29925
245 ## - TITLE STATEMENT
Title Administrative Thinkers
Statement of responsibility, etc by D. Ravindra Prasad, et al
260 ## - PUBLICATION, DISTRIBUTION, ETC. (IMPRINT)
Place of publication, distribution, etc New Delhi
Name of publisher, distributor, etc Sterling
Date of publication, distribution, etc 2017
300 ## - PHYSICAL DESCRIPTION
Extent 310p.
650 ## - SUBJECT ADDED ENTRY--TOPICAL TERM
Topical term or geographic name as entry element Public administration - Biography
9 (RLIN) 29926
Holdings
Withdrawn status Lost status Source of classification or shelving scheme Damaged status Koha normalized classification for sorting Not for loan Permanent location Current location Date acquired Full call number Barcode Date last seen Price effective from Koha item type Shelving location
        PKP_B3_P8862017   Indian Institute of Public Administration Indian Institute of Public Administration 2022-02-16 PKP B3 P886\2017 88676 2022-02-16 2022-02-16 Book  
        PKP_B3_P8862017C_2_000000000000000   Indian Institute of Public Administration Indian Institute of Public Administration 2022-05-26 PKP B3 P886\2017\c.2 88790 2022-05-26 2022-05-26 Book On Display

Powered by Koha